Máquinas y diagramas lógicos.

Bibliographic Details
Main Author: Gardner, Martin
Format: Libro
Language:English
Published: Madrid, España Alianza 1982
Edition:2a.ed.
Series:El libro de bolsillo 1091
Subjects:
Online Access:

MARC

LEADER 00000cam a2200000 a 4500
001 004096
003 UAHC_CL
005 20170803120016.0
008 010822b xx j 000 1 eng
020 |a 8420600911 
040 |a UAHC_CL  |c UAHC_CL  |d UAHC_CL 
100 1 |a Gardner, Martin 
245 1 0 |a Máquinas y diagramas lógicos. 
250 |a 2a.ed. 
260 |b Alianza  |c 1982  |a Madrid, España 
300 |a 238 p. 
490 0 |a El libro de bolsillo  |v 1091 
650 4 |a METODOLOGIA DE LA CIENCIA 
900 |a 303.37 GARM 
942 |c BK 
952 |0 0  |1 0  |4 0  |6 303_370000000000000_GARM  |7 0  |8 General  |9 9213  |a BC  |b BC  |c General  |d 2017-08-03  |l 0  |o 303.37 GARM  |p 1339329  |r 2026-01-13 00:00:00  |t 1  |w 2017-08-03  |y BK 
999 |c 4096  |d 4096